Most Populous Indian States By Decade (2060-2100) - Statistics

General Stats
  • This quiz has been taken 9 times
  • The average score is 33 of 50
Answer Stats
Year Rank Population Answer % Correct
2060 1. 299,613,627 Uttar Pradesh
100%
2070 1. 301,330,746 Uttar Pradesh
100%
2080 1. 297,263,904 Uttar Pradesh
100%
2090 1. 288,661,104 Uttar Pradesh
100%
2100 1. 269,962,365 Uttar Pradesh
100%
3. 147,247,347 Maharashtra
78%
3. 144,577,185 Maharashtra
78%
3. 139,176,485 Maharashtra
78%
3. 131,810,920 Maharashtra
78%
3. 123,685,799 Maharashtra
78%
2. 185,132,541 Bihar
67%
2. 192,477,892 Bihar
67%
2. 196,048,957 Bihar
67%
2. 196,344,457 Bihar
67%
2. 194,523,764 Bihar
67%
7. 96,719,092 Gujarat
67%
6. 98,796,547 Gujarat
67%
6. 98,958,306 Gujarat
67%
6. 97,541,212 Gujarat
67%
6. 95,209,509 Gujarat
67%
9. 73,726,171 Tamil Nadu
67%
9. 67,868,485 Tamil Nadu
67%
9. 60,787,755 Tamil Nadu
67%
10. 53,063,324 Tamil Nadu
67%
10. 45,449,085 Tamil Nadu
67%
6. 103,089,726 West Bengal
67%
7. 97,691,668 West Bengal
67%
7. 90,494,422 West Bengal
67%
7. 82,187,013 West Bengal
67%
7. 73,730,684 West Bengal
67%
10. 54,378,230 Jharkhand
56%
10. 55,791,703 Jharkhand
56%
10. 56,120,290 Jharkhand
56%
9. 55,542,735 Jharkhand
56%
9. 54,424,327 Jharkhand
56%
8. 74,569,067 Karnataka
56%
8. 71,989,068 Karnataka
56%
8. 68,065,411 Karnataka
56%
8. 63,239,072 Karnataka
56%
8. 58,161,292 Karnataka
56%
4. 116,710,441 Madhya Pradesh
56%
4. 119,120,285 Madhya Pradesh
56%
4. 119,221,561 Madhya Pradesh
56%
4. 117,424,941 Madhya Pradesh
56%
4. 114,535,193 Madhya Pradesh
56%
5. 105,180,015 Rajasthan
56%
5. 106,353,141 Rajasthan
56%
5. 105,447,612 Rajasthan
56%
5. 102,966,819 Rajasthan
56%
5. 99,579,244 Rajasthan
56%
No matching quizzes found
Score Distribution
Percent of People with Each Score
Percentile by Number Answered
Your Score History
You have not taken this quiz